000 00554nam a2200145Ia 4500
008 100415s9999 xx 000 0 und d
082 _b9911
_a595.7(54)
100 _aMaxwell-Lefroy H.
245 _aIndian Insect Life : A Manual of the Insect of the Plains (Tropical India)
260 _aNEW DELHI
_c1909
_bTODAY & TOMORROW'S PRINTERS &
365 _b500
630 _aIndian Insect Life : A Manual of the Insect of the Plains (Tropical India)
730 _aIndian Insect Life : A Manual of the Insect of the Plains (Tropical India)
942 _cBOOK
999 _c592843
_d592840